000 00451nam a2200193Ia 4500
005 20240823025525.0
008 240823s9999||||xx |||||||||||||| ||und||
020 _a81-309-0743-7
041 _aENGLISH
082 _A823 P8
100 _aHarold Bloom
245 0 _aNathanarel Wests Miss Lonelyhearts
250 _a1st
260 _c2008
_b"Viva Books,New Delhi"
500 _aYES
650 _aNovel
_bEnglish
942 _cBK
999 _c186526
_d186526